000 04014namaa22004211i 4500
003 OSt
005 20260611114104.0
008 250827s2025 ua a|||frm||| 000 0 eng d
040 _aEG-GICUC
_bara
_cEG-GICUC
_dEG-GICUC
_erda
041 0 _aara
_bara
_beng
049 _aإيداع
082 0 4 _a250
092 _a250
_221
097 _aدكتوراه‎
099 _aCai01.06.04.Ph.D.2025.عر.ت
100 0 _a،عراقي فتح الله حسن مسلم
_eإعداد.
245 1 0 _aالترجيح بأسباب النزول في الأحكام المتعلقة بالنساء /
_cإعداد عراقي فتح الله حسن مسلم؛ إشراف أ.د.محمد قاسم محمود المنسي، أ.د.عبد الناصر ثابت حامد.
246 1 5 _aWeighing the reasons for revelation rulings related to women /
264 0 _c2025.
300 _a327 ورقة :
_bإيضاحيات ؛
_c30 سم. +
_eCD.
336 _atext
_2rda content
337 _aUnmediated
_2rdamedia
338 _avolume
_2rdacarrier
502 _aأطروحة (دكتوراه)-جامعة القاهرة، 2025.
504 _aببليوجرافيا: صفحات 307-324.
520 _aالترجيحُ بأسبابِ النزولِ في الأحكامِ المتعلقةِ بالنساءِ)" وجاء في مقدمة، وتمهيد، وفصلين، وخاتمة، وفهارس: فالتمهيد: جاء في التعريف بمصطلحات البحث، وفوائد أسباب النزول، وطرق المعرفة وضوابط الترجيح بأسباب النزول، وأثرها في الخطاب الشرعي للمرأة: وفيه مباحث: وأما الفصل الأول: الترجيح بأسباب النزول في أحكام العبادات والانكحة المتعلقة بالمرأة: وفيه مباحث: والفصل الثاني: أحكام الطلاق، والحيض، والعدة، والنفقة ، والميراث، واللعان، والظهار، والحدود، والجنايات، والملابس: وفيه مباحث: ثم الخاتــمــة: وفيها ذكرت أهمَّ النتائج والتوصيات التي توصل إليها البحث، ثم ختمت بالفهارس المناسبة.
520 _aIt is divided into an introduction, a preface, two chapters, a conclusion, and indexes: The preface: It defines the research terms, the benefits of the reasons for revelation, the methods of knowledge and the controls of preference based on the reasons for revelation, and their impact on the legal discourse of women. It contains discussions. As for the first chapter: Preference based on the reasons for revelation in the rulings of worship and marriages related to women. It contains discussions. The second chapter: The rulings on divorce, menstruation, waiting period, maintenance, inheritance, cursing, zihar, the prescribed punishments, crimes, and clothing. It contains discussions. Then the conclusion: In it, I mentioned the most important results and recommendations that the research reached, and then concluded with the appropriate indexes.
530 _aصدر أيضًا كقرص مدمج.
546 _aالنص بالعربية والملخص باللغة الإنجليزية والعربية.
650 7 _aالشريعة الإسلامية
_2qrmak
653 0 _aالترجيحُ
_aالأحكامِ المتعلقةِ بالنساءِ
700 0 _aمحمد قاسم محمود المنسي
_eمشرف أطروحة.
700 0 _aعبد الناصر ثابت حامد
_eمشرف أطروحة.
900 _b10-05-2025
_cمحمد قاسم محمود المنسي
_cعبد الناصر ثابت حامد
_dمُحمد صلاح حلمي
_dعلي عبدُ القادر عثمان
_Uجامعة القاهرة
_Fكلية دار العلوم
_Dقسم الشريعة الإسلامية
905 _aSara
942 _2ddc
_cTH
_e21
_n0
999 _c180502